000 005140000a22001810004500
003 MACL
005 20160407165623.0
008 160407b xxu||||| |||| 00| 0 eng d
040 _aMACL
_cMACL
041 _aHindi
082 _a530
100 _aसुखोव
_951038
245 _aभौतिकी के संग
260 _bविज्ञान शिक्षा संस्‍थान
_c2002
_aगाजियाबाद
350 _a200
650 _aPhysics
_951135
942 _cHIN
_k530
_2ddc
999 _c9910
_d9910